[Event "POL-ch Rapid U18 Girls"]
[Site "Bydgoszcz"]
[Date "2023.08.30"]
[Round "11"]
[White "Malicka, Magdalena"]
[Black "Woytitzki, Maja"]
[Result "0-1"]
[WhiteElo "1389"]
[BlackElo "1364"]
[PlyCount "100"]
[EventDate "2023.08.28"]
[EventType "swiss"]
[EventRounds "11"]
[EventCountry "POL"]
[SourceTitle "EXT 2024"]
[Source "ChessBase"]
[SourceDate "2023.10.10"]
[SourceVersion "1"]
[SourceVersionDate "2023.10.10"]
[SourceQuality "1"]

1. e4 c5 2. Nf3 d6 3. d4 cxd4 4. Nxd4 Nf6 5. Nc3 a6 6. h3 e5 7. Nde2 Be7 8. g4 h6 9. Bg2 Nc6 10. 0-0 0-0 11. Be3 Qc7 12. Ng3 Be6 13. Qd2 Rfd8 14. Na4 Nd7 15. Nf5 Bxf5 16. exf5 Rac8 17. Nc3 Bf8 18. Nd5 Qa5 19. c3 Ne7 20. Nxe7+ Bxe7 21. Bxb7 Rb8 22. Bg2 Bf6 23. Rfd1 Nb6 24. Bxb6 Qxb6 25. b3 Rbc8 26. Rac1 Bg5 27. Qd3 Bxc1 28. Rxc1 Qa5 29. Rc2 d5 30. h4 d4 31. c4 Re8 32. g5 hxg5 33. hxg5 e4 34. Qxd4 Qxf5 35. Qe3 Rcd8 36. Rc1 Rd3 37. Qb6 Qxg5 38. Re1 e3 39. fxe3 Qg3 40. Rf1 Rdxe3 41. Qb7 R3e7 42. Qxa6 Re1 43. Kh1 Rxf1+ 44. Bxf1 Qh4+ 45. Kg1 Re6 46. Qa8+ Kh7 47. Bd3+ g6 48. Qf3 Qg5+ 49. Kh2 Qd2+ 50. Qg2 Qxd3 0-1

[Event "POL-ch Rapid U18 Girls"]
[Site "Bydgoszcz"]
[Date "2023.08.29"]
[Round "2"]
[White "Krysiewicz, Zofia"]
[Black "Malicka, Magdalena"]
[Result "0-1"]
[WhiteElo "1139"]
[BlackElo "1389"]
[PlyCount "90"]
[EventDate "2023.08.28"]
[EventType "swiss"]
[EventRounds "11"]
[EventCountry "POL"]
[SourceTitle "EXT 2024"]
[Source "ChessBase"]
[SourceDate "2023.10.10"]
[SourceVersion "1"]
[SourceVersionDate "2023.10.10"]
[SourceQuality "1"]

1. e4 e5 2. Nf3 Nc6 3. Bc4 Bc5 4. 0-0 Nf6 5. d4 Bxd4 6. Nxd4 Nxd4 7. f4 d6 8. fxe5 dxe5 9. Bg5 Bg4 10. Qxg4 Nxg4 11. Bxd8 Rxd8 12. Bxf7+ Ke7 13. Na3 Nf6 14. Bc4 Kd7 15. Rad1 Kc8 16. Bd3 Rhe8 17. c3 Ne6 18. b4 Nf4 19. Bc2 Ne2+ 20. Kf2 Rxd1 21. Rxd1 Nxc3 22. Ra1 Ncxe4+ 23. Bxe4 Nxe4+ 24. Ke3 Nd6 25. Rf1 Kd7 26. Nc2 Re7 27. Rd1 Ke6 28. a4 Rf7 29. g3 Nc4+ 30. Ke2 Rd7 31. Rxd7 Kxd7 32. Ne3 Nxe3 33. Kxe3 Kd6 34. Ke4 g6 35. h3 a6 36. a5 Ke6 37. h4 h5 38. Ke3 Kf5 39. Kf3 e4+ 40. Ke3 Ke5 41. Ke2 Kd4 42. Kd2 e3+ 43. Ke2 Ke4 44. Ke1 Kf3 45. Kf1 Kxg3 0-1

[Event "POL-ch Rapid U18 Girls"]
[Site "Bydgoszcz"]
[Date "2023.08.29"]
[Round "5"]
[White "Malicka, Magdalena"]
[Black "Figa, Karolina"]
[Result "1-0"]
[WhiteElo "1389"]
[BlackElo "1635"]
[PlyCount "103"]
[EventDate "2023.08.28"]
[EventType "swiss"]
[EventRounds "11"]
[EventCountry "POL"]
[SourceTitle "EXT 2024"]
[Source "ChessBase"]
[SourceDate "2023.10.10"]
[SourceVersion "1"]
[SourceVersionDate "2023.10.10"]
[SourceQuality "1"]

1. e4 c6 2. d4 d5 3. exd5 cxd5 4. Bd3 Nc6 5. c3 Nf6 6. Bf4 Bg4 7. Qb3 Qd7 8. Nd2 e6 9. Ngf3 Bd6 10. Bxd6 Qxd6 11. 0-0 0-0 12. Rfe1 a6 13. Ne5 b5 14. a3 Rfc8 15. Ndf3 Rab8 16. Nxc6 Rxc6 17. Ne5 Rcb6 18. Qc2 Bh5 19. Re3 a5 20. Rh3 Bg6 21. Bxg6 hxg6 22. Qd2 b4 23. axb4 axb4 24. c4 Ra6 25. Rc1 dxc4 26. Qf4 Qd8 27. Rh8+ Kxh8 28. Nxf7+ Kg8 29. Nxd8 Rxd8 30. h3 Nd5 31. Qg5 Rc8 32. Qxg6 c3 33. h4 Rac6 34. b3 Nf4 35. Qe4 Nd5 36. g3 Nf6 37. Qe5 Kf7 38. Qb5 Nd5 39. Qd3 R8c7 40. h5 Nf6 41. Qg6+ Kf8 42. h6 Rd6 43. hxg7+ Rxg7 44. Qxf6+ Rf7 45. Qh8+ Ke7 46. Qh4+ Ke8 47. Ra1 Rd8 48. Qh8+ Rf8 49. Qe5 Ke7 50. Ra7+ Rd7 51. Qg7+ Rf7 52. Rxd7+ 1-0

[Event "POL-ch Rapid U18 Girls"]
[Site "Bydgoszcz"]
[Date "2023.08.29"]
[Round "3"]
[White "Malicka, Magdalena"]
[Black "Grad, Barbara"]
[Result "1-0"]
[WhiteElo "1389"]
[BlackElo "1257"]
[PlyCount "81"]
[EventDate "2023.08.28"]
[EventType "swiss"]
[EventRounds "11"]
[EventCountry "POL"]
[SourceTitle "EXT 2024"]
[Source "ChessBase"]
[SourceDate "2023.10.10"]
[SourceVersion "1"]
[SourceVersionDate "2023.10.10"]
[SourceQuality "1"]

1. e4 c5 2. Nf3 Nc6 3. c3 d5 4. exd5 Qxd5 5. d4 Bf5 6. Be3 cxd4 7. cxd4 Bxb1 8. Rxb1 Nf6 9. Bd3 e6 10. 0-0 Bd6 11. Rc1 0-0 12. Bc4 Qh5 13. h3 Nd5 14. Bxd5 Qxd5 15. a3 Rfd8 16. Ng5 h6 17. Nf3 Qe4 18. Re1 Bf4 19. Nd2 Qf5 20. g4 Qf6 21. Ne4 Qg6 22. Bxf4 Nxd4 23. Ng3 Nf5 24. gxf5 Qxg3+ 25. Bxg3 Rxd1 26. Rexd1 exf5 27. Rd7 b6 28. Rcc7 Rf8 29. Rxa7 b5 30. Rab7 b4 31. Rxb4 Kh7 32. Rb8 Rxb8 33. Bxb8 f6 34. a4 Kg6 35. a5 f4 36. a6 h5 37. a7 Kh6 38. a8Q f3 39. Bf4+ g5 40. Qh8+ Kg6 41. Qh7# 1-0